| 000 | 00626nam a2200193 a 4500 | ||
|---|---|---|---|
| 005 | 20140310183211.0 | ||
| 008 | 000525s19uu xx 00 eng d | ||
| 020 | _a0803974256 | ||
| 050 |
_aRA 644.A25 _b.Un224 1996 |
||
| 245 |
_aUnderstanding and preventing HIV risk behavior. / _cedited by Stuart Oskamp and Suzanne C. Thomson. |
||
| 260 |
_aLondon : _bSage Publications, _c1996. |
||
| 300 |
_a285 p. : _c23 cm. |
||
| 500 | _aIncludes bibliographical references and index,. | ||
| 521 | _aNUR | ||
| 650 |
_aAIDS (Disease) _xPrevention _xCongresses |
||
| 650 | _aHealth behavior | ||
| 942 |
_cBK _2lcc _kFOR |
||
| 999 |
_c20144 _d20144 |
||